000 00923nam a2200217Ia 4500
001 5892
003 GE_BSU
008 181216s||||||||xx |||||||||||||| ||und||
040 _cGE_BSU
080 _a519.2(075.8)
100 _aВолодин,Б.Г. Ганик,И.Я. Динер,И.Я. и др.
245 _aСборник задач по теории вероятностей математической статистике и теории случаиных функции.
245 _cПод ред. А.А.Свешникова. Ред. И.Е.Морозова.
260 _aМ.
260 _bНаука.
260 _c1970.
300 _a655 стр. с илл. 20 см. Библиогр.
300 _eТабл.
653 _aСборник задач по теории вероятностей математической статистике и теории случаиных функции.
942 _cBK
999 _c39306
_d39306